History Quiz

Random History or Quote Quiz

Finish the Famous 'Last Words' Quiz Stats

 Plays Quiz Updated Jun 1, 2017

Support Sporcle.
Go Orange.
Score 0/15 Timer 04:00
3 Plays Today
% Correct
Bored
96.9%
Drink
96.7%
Shoot
96.5%
Easily
95.4%
Sleep
94.9%
Pillows
93.3%
Fries
93.1%
Marilyn
93%
% Correct
Life
91.8%
Kitten
75.4%
Ground
69.8%
Clock
65.2%
Strongest
61.5%
Weight
57.3%
Indian
53.2%

You're not logged in!

Compare scores with friends on all Sporcle quizzes.
OR
Log In

From the Vault

The Best Christmas Episodes Ever

by caramba

You know it's that holiday time of year when your favorite TV show trots out its annual Christmas episode.
Remove Ads.
Support Sporcle.
Get the best of Sporcle when you Go Orange. This ad-free experience offers more features, more stats, and more fun while also helping to support Sporcle. Thank you for becoming a member.

Show Comments

Extras

Top Quizzes Today


Score Distribution

Your Account Isn't Verified!

In order to create a playlist on Sporcle, you need to verify the email address you used during registration. Go to your Sporcle Settings to finish the process.

Report this User

Report this user for behavior that violates our Community Guidelines.

Details: